Normal view
MARC view
Entry Personal Name
001 - CONTROL NUMBER
- control field: 793201
003 - CONTROL NUMBER IDENTIFIER
- control field:
005 - DATE AND TIME OF LATEST TRANSACTION
- control field: 20210627055015.0
008 - FIXED-LENGTH DATA ELEMENTS
- fixed length control field: 210627|| aca||aabn | a|a d
040 ## - CATALOGING SOURCE
- Original cataloging agency:
- Transcribing agency:
100 ## - HEADING--PERSONAL NAME
- Personal name: Kinkead-Weekes, Mark
670 ## - SOURCE DATA FOUND
- Source citation: Work cat.: ()665166: Kinkead-Weekes, Mark, D. H. Lawrence, triumph to exile, 1912-1922 /, 1996
